MDQL
is popping MORE tags! Check the
thread
!
Quizzes
Events
Quiz Creation
Community
Videos
Private Events
Remove Ads
Sign In
Join for FREE
Feedback
Dark Mode
Quiz Categories
Sports
Geography
Music
Movies
Television
Just For Fun
Miscellaneous
History
Literature
Language
Science
Gaming
Entertainment
Religion
Holiday
For Kids
Quiz Lab
Recent
Popular Today
Quiz Kudos Today
Editor Picks
Curator Picks
Quizzes by...
Day
Popularity
Type
Ratings
Length
Year
Community
Subscriptions
Recent Discussions
Orange Saloon
Badges
Playlists
Quests
Create
Leaderboards
Showdown
Live 5
Trivia Bingo
Activity
Puzzle Library
Sporcle Events
Private Events
Virtual Trivia
Globe League
Become a Host
Pub Owners
SporcleCon
Opinionation
Our Games
Videos
Blog
Mobile Apps
Partnerships
Remove Ads and Go Orange
Feedback
Gaming
Video Games
Board Games
Card Games
Pokémon
Mario
Nintendo
Minecraft
Console
Toys
Legend of Zelda
Gaming
Video Games
Board Games
Card Games
Pokémon
Mario
Nintendo
Minecraft
Console
Toys
Legend of Zelda
Random Quiz
Search Sporcle
×
Quiz Lab
Quiz Lab
Gaming
boss
Type in answers that appear in a list
Type in answers that appear in a list
Classic
Best Score? Go Orange.
Final Fantasy IV Bosses Stats
Can you name the Final Fantasy IV Bosses?
By
themindisacity
12m
31 Questions
130 Plays
130 Plays
130 Plays
Comments
Comments
Give Quiz Kudos
Give Quiz Kudos
-
- Ratings
hide this ad
Replay
Link that replays current quiz
Next Quiz
Link to next quiz in quiz playlist
You Got
0%
They Got
Avg Score
59%
Avg Friend Score
Upgrade to see
Score Distribution
Jump to the score distribution portion of the page
Score
0/31
Timer
12:00
0
Plays Today
% Correct
Mist Dragon
91.5%
Zeromus
89.2%
Golbez
84.6%
Rubicante
83.1%
Scarmiglione
81.5%
Barbariccia
76.9%
Leviathan
76.9%
Antlion
76.2%
Asura
74.6%
Cagnazzo
73.8%
Bahamut
73.1%
Mother Bomb
70%
Dark Elf
64.6%
CPU
63.8%
Baigan
63.1%
Dr. Lugae
63.1%
% Correct
Octomammoth
62.3%
Magus Sisters
60.8%
Odin
59.2%
Demon Wall
55.4%
Dark Knight
51.5%
Ogopogo
50.8%
Plague
43.8%
Scarmiglione Zombie
43.1%
White Dragon
40.8%
Four Elemental Fiends
39.2%
Wyvern
36.2%
Calbrina
26.9%
Behemoth
24.6%
King of Eblan
19.2%
Lunasaurs
13.8%
Quiz Playlist
Details
Report
Send in Message
Add To Playlist
Classic:
Type in answers that appear in a list
Last Updated: Feb 16, 2017
Quiz Scoreboard
CHALLENGE
Sign Up to Join the Scoreboard
Show All
Scores
Hide
Comments
May contain spoilers
Recently Published
Find the 'City' Movie
by crazypaving
Movies
60s
5x2 Blitz: Bands
by SL_Kpop136
Music
30s
Colored Red Africa Blitz
by spor1
Geography
30s
More to Explore
Quiz From the Vault
Featured Blog Post
14 Easter Pick-up Lines to Find Eggs With
hide this ad
You Might Also Like...
Tags
boss
Fantasy
final
Final Fantasy
Today's Top Quizzes in Gaming
Browse Gaming
hide this ad
Today's Top Quizzes in boss
Browse boss
Top Contributed Quizzes in Gaming
1
Dead By Daylight Logic Puzzle
2
League of Legends Pro Players by Career/Team History
3
Destiny 2 exotic weapons by perk icons
4
Genshin Impact Logic Puzzle
5
Overwatch 2: Ultimate Ability Icons
6
Genshin Impact Logic Puzzle Quiz II
7
Windmill: Elements
8
Overwatch Logic Puzzle
9
Genshin Impact Logic Puzzle Quiz
10
Genshin murder mystery
Explore More
Trending Topics
Crossword
NBA
Kpop
Anime
Harry Potter
Marvel
Disney
Song
The Office
Soccer
Puzzle
Pokémon
WWE
Country
NFL
hide this ad
More By:
themindisacity
Quiz
Plays
Rating
Category
Featured
Created
Final Fantasy IV Bosses
130
1.50
Gaming
Dec 26, 2009
Go to Creator's Profile
Score Distribution
Quiz Creator Spotlight
themindisacity
Follow
Send a Message
Quizzes Created
-
Created Quiz Play Count
-
More By This Creator
Popular Quizzes Today
1
Colored Red Africa Blitz
2
Find the US States - No Outlines Minefield
3
Find the 'City' Movie
4
5x2 Blitz: Bands
5
The Countries of the World
6
Find the US States
7
US States
8
9x9 Crossword: Cartoon Network
More Gaming Quizzes
Kingdom Hearts II: Xemnas's Last Stand
Quiz Lab
Trending Quizzes
Colored Red Europe Blitz I
Colored Red Europe Blitz II
Colored Red Africa Blitz II
Colored Red Europe Blitz III
Colored Red Africa Blitz III
Recently Updated
Godzilla Movies
pecheneg
Grab Bag: 4-10 Letters
pecheneg
2024 March Madness Bracket
pecheneg
Famous TV Couples
Peacemaker
Champions League XIs: Real Madrid
pecheneg
Largest US Cities 1790-2010
pecheneg
Rides in Walt Disney World
pecheneg
Most Oscar Losses (Acting)
pecheneg
Beyoncé Albums
pecheneg
Leaping Animals
pecheneg
Trending Topics
Marvel
Harry Potter
NBA
Disney
Anime
Kpop
Crossword
WWE
Puzzle
Country
Soccer
Pokémon
NFL
The Office
Song
Your Account Isn't Verified!
In order to create a playlist on Sporcle, you need to verify the email address you used during registration. Go to your
Sporcle Settings
to finish the process.
Report this User
Report this user for behavior that violates our
Community Guidelines
.
Details:
Send Report
Go to the Sporcle.com Mobile Site →
Comments